El Análisis Institucional del Desarrollo para evaluar la sostenibilidad : una aproximación para el estudio del agua potable en Bahía Blanca a partir del Marco de Ostrom /
Guardado en:
| Otros Autores: | , |
|---|---|
| Formato: | Manuscrito |
| Idioma: | Spanish |
| Publicado: |
2019.
|
| Materias: | |
| Acceso en línea: | RIDE (Texto completo) |
| Etiquetas: |
Agregar Etiqueta
Sin Etiquetas, Sea el primero en etiquetar este registro!
|
| LEADER | 01233ntm a22002775a 4500 | ||
|---|---|---|---|
| 001 | EEO.eeo003608 | ||
| 008 | 200804s2019####ag#####g#bm###000#0#spa#d | ||
| 005 | 20210503150042.0 | ||
| 245 | 1 | 3 | |a El Análisis Institucional del Desarrollo para evaluar la sostenibilidad : |b una aproximación para el estudio del agua potable en Bahía Blanca a partir del Marco de Ostrom / |c Martín Santillán. |
| 260 | |c 2019. | ||
| 300 | |a 49 h. ; |c 30 cm. | ||
| 502 | |a Tesis (licenciatura)--Universidad Nacional del Sur. Departamento de Economía, 2019. | ||
| 500 | |a Director de tesis: Mara Leticia Rojas. | ||
| 504 | |a Bibliografía: (p.46-49). | ||
| 530 | |a También disponible en formato digital. | ||
| 100 | 1 | |a Santillán, Martín. |4 dis | |
| 700 | 1 | |a Rojas, Mara Leticia. |4 ths | |
| 710 | 2 | |a Universidad Nacional del Sur. |b Departamento de Economía |4 dgg | |
| 650 | 7 | |a Recursos naturales. |2 isoc | |
| 650 | 7 | |a Abastecimiento de agua. |2 isoc | |
| 650 | 7 | |a Desarrollo sustentable. |2 mpirdes | |
| 653 | |a Tesis-Lic. en economía | ||
| 653 | |a Tesis digitales | ||
| 040 | |a AR-BaUEB |b spa |c AR-BaUEB | ||
| 856 | 4 | 1 | |3 RIDE (Texto completo) |u http://repositoriodigital.uns.edu.ar/handle/123456789/5118 |
| 859 | |a AR-BaUEB |b BIB. ECONOMIA - General |h I-UNS-T531 |p e15318 | ||
